French Literature - Statistics

General Stats
  • This quiz has been taken 277 times
  • The average score is 12 of 18
Answer Stats
Hint Answer % Correct
The Hunchback of Notre Dame Victor Hugo
93%
Candide Voltaire
92%
The Stranger Albert Camus
91%
Madame Bovary Gustave Flaubert
91%
Around the World in Eighty Days Jules Verne
90%
The Count of Monte Cristo Alexandre Dumas
88%
The Little Prince Antoine de Saint-Exupéry
83%
In Search of Lost Time Marcel Proust
83%
Waiting for Godot Samuel Beckett
76%
The Misanthrope Molière
75%
La Comédie humaine Honoré de Balzac
69%
Les Rougon-Macquart Emile Zola
59%
The 120 Days of Sodom Marquis de Sade
48%
No Exit Jean-Paul Sartre
47%
The Mandarins Simone de Beauvoir
34%
Gigi Colette
28%
Submission Michel Houellebecq
22%
La Petite Fadette George Sand
19%
No matching quizzes found
Score Distribution
Percent of People with Each Score
Percentile by Number Answered
Your Score History
You have not taken this quiz